000 00357 a2200157 4500
001 159383
020 _a
040 _cMagnum
100 _aSowler,sandie
240 1 0 _aMundo incrivel:disfarces dos animais
_lpor
245 1 0 _aMundo incrivel:disfarces dos animais
362 0 _a1899
440 1 _aGlobo
697 _aMAGNITO: IJ/DIDATICO
942 _cBK
999 _c159383
_d159383